600 essential words for the toeic test : Test for English for international Communication
Đã lưu trong:
| Príomhúdar: | |
|---|---|
| Formáid: | Sách |
| Teanga: | Undetermined |
| Foilsithe: |
Trẻ
2008
|
| Ábhair: | |
| Clibeanna: |
Cuir Clib Leis
Gan Chlibeanna, Bí ar an gcéad duine leis an taifead seo a chlibeáil!
|
| Thư viện lưu trữ: | Trung tâm Thư viện - Trường Đại học Công nghiệp TP. Hồ Chí Minh |
|---|
| LEADER | 00504nam a2200157Ia 4500 | ||
|---|---|---|---|
| 001 | UIH_06942 | ||
| 008 | 231011s9999 xx 000 0 und d | ||
| 082 | |a 428 | ||
| 100 | |a Lougheed, Dr.Lin | ||
| 245 | 0 | |a 600 essential words for the toeic test : Test for English for international Communication | |
| 245 | 0 | |c Lougheed, Dr.Lin | |
| 260 | |b Trẻ | ||
| 260 | |c 2008 | ||
| 650 | |a ; | ||
| 927 | |a Sách | ||
| 980 | |a Trung tâm Thư viện - Trường Đại học Công nghiệp TP. Hồ Chí Minh | ||